000 00973nam a22002657a 4500
001 sjds170108
003 sjds
005 20170626161232.0
008 170626b mau||||| |||| 00| 0 spa d
020 _a9781841489957 (pbk.)
020 _a1841489956 (pbk.)
040 _csjds
041 _aspa
_heng
100 1 _aHarter, Debbie
240 _aWalking through the jungle
245 _aDe paseo por la selva /
_cilustrado por Debbie Harter ; traducción del inglés, Raquel Ugalde.
260 _aCambridge, MA :
_bBarefoot Books,
_c2002.
300 _a1 volume (unpaged) :
_bcolor illustrations ;
_c25 x 26 cm
500 _a"Barefoot en español"--Cover.
500 _aAnother ed. has title: Caminata por la jungla.
520 _aEn este libro ilustrado para niños, una niña exploradora descubre los distintos animales y paisajes del mundo, y vuelve a casa, sana y salva.
650 _aAnimals
_vJuvenile fiction
700 1 _aUgalde, Raquel
942 _cBK
999 _c17745
_d17745